An evaluation of the Priest Rapids Chinook Salmon Spawning Channel, 1963-1971 /

Bibliographic Details
Main Author: Allen, Richard L. (Richard Lee), 1936-
Other Authors: Meekin, Thomas K.
Format: Book
Language:English
Published: [Olympia] Wash. : Dept. of Fisheries, Management and Research Division, [1973]
Series:Technical report (Washington (State). Department of Fisheries) ; no. 11.
Subjects:

MARC

Tag First Indicator Second Indicator Subfields
LEADER 00000cam a2200000 4500
001 in00000010977
005 20151007051948.0
008 740912s1973 waua b s00010 eng
010 |a  74621950  
035 |a (OCoLC)01086424 
035 |9 AAA5644AM 
040 |a DLC  |c DLC  |d m.c.  |d TXA  |d UtOrBLW 
043 |a n-us-wa 
049 |a TXAM  |c [A12638109] 
050 0 0 |a SH167.S17  |b A63 
082 0 |a 639/.375/5 
100 1 |a Allen, Richard L.  |q (Richard Lee),  |d 1936- 
245 1 3 |a An evaluation of the Priest Rapids Chinook Salmon Spawning Channel, 1963-1971 /  |c [by] Richard L. Allen [and] Thomas K. Meekin. 
264 1 |a [Olympia] Wash. :  |b Dept. of Fisheries, Management and Research Division,  |c [1973] 
300 |a iii, 52 pages :  |b illustrations ;  |c 28 cm. 
336 |a text  |b txt  |2 rdacontent 
337 |a unmediated  |b n  |2 rdamedia 
338 |a volume  |b nc  |2 rdacarrier 
490 1 |a Technical report/State of Washington. Dept. of Fisheries ;  |v no. 11 
500 |a "March 1973." 
504 |a Bibliography: pages 43-44. 
650 0 |a Fish culture  |z Washington (State) 
650 0 |a Spawning. 
650 0 |a Chinook salmon. 
700 1 |a Meekin, Thomas K. 
740 0 |a Priest Rapids Chinook Salmon Spawning Channel. 
830 0 |a Technical report (Washington (State). Department of Fisheries) ;  |v no. 11. 
999 |a MARS 
999 f f |s 87f114d9-8372-3003-9c6c-45249fa24861  |i ae685f3c-4136-31b8-ba23-e14edf4ca3d5  |t 0 
952 f f |p ric  |a Texas A&M University  |b Rellis Campus  |c Joint Library Facility  |d Remote Storage  |t 0  |e SH167.S17 A63  |h Library of Congress classification  |i unmediated -- volume  |m A14812638109 
998 f f |a SH167.S17 A63  |t 0  |l Remote Storage